01732naa a2200301 a 450000100080000000500110000800800410001910000170006024501070007726000090018452009180019365000210111165000190113265000170115165000100116865000130117865000160119165000150120765000100122265000170123265000240124965000110127365300150128465300230129970000170132270000210133977300700136015220232024-04-12 1965 bl uuuu u00u1 u #d1 aHULET, C. V. aRelationship of semen quality and fertility in the ram to fecundity in the ewe.h[electronic resource] c1965 aIn 1960 the U.S. Sheep Experiment Station flock was used to test the relationship of semen quality and fertility (percentage of ewes lambing) in the ram to fecundity (percentage of lambs born of ewes lambing) in the ewe. The rams were unselected for semen quality and fertility. Six semen traits were significantly correlated with ewe fecundity. The multiple correlation of these six semen traits with fecundity was 0\m=.\49. The within age group correlation between fertility and fecundity was 0\m=.\23(P<0\m=.\01).The correlation was highest in the mature ewes (0\m=.\30, P<0\m=.\01). This study suggests that fecundity in addition to fertility may be affected by the ram. The purpose of this study was to determine the relationship between the semen quality of rams and the fecundity of their mates, and the relationship between fertility and fecundity of groups of ewes to which different rams were mated. aAnimal fertility aMale fertility aReproduction aSheep aCarneiro aFertilidade aFisiologia aOvino aReprodução aReprodução Animal aSêmen aAndrologia aQualidade de semen1 aFOOTE, W. C.1 aBLACKWELL, R. L. tJournal Reproduction and Fertilitygv. 9, p. 311-315, Jul., 1965.